| 000 -LEADER |
| fixed length control field |
00653nam a22002177a 4500 |
| 003 - CONTROL NUMBER IDENTIFIER |
| control field |
OSt |
| 005 - DATE AND TIME OF LATEST TRANSACTION |
| control field |
20200317135349.0 |
| 008 - FIXED-LENGTH DATA ELEMENTS--GENERAL INFORMATION |
| fixed length control field |
200317b ||||| |||| 00| 0 eng d |
| 020 ## - INTERNATIONAL STANDARD BOOK NUMBER |
| International Standard Book Number |
9789385502002 |
| 082 ## - DEWEY DECIMAL CLASSIFICATION NUMBER |
| Edition number |
23 |
| Classification number |
370.9669 |
| Item number |
OPA |
| 100 ## - MAIN ENTRY--PERSONAL NAME |
| Personal name |
Opara, Jacinta A |
| 245 ## - TITLE STATEMENT |
| Title |
Perspectives on education and sustainable development / |
| Statement of responsibility, etc |
edited by Jacinta A. Opara, Shireesh Pal Singh. |
| 260 ## - PUBLICATION, DISTRIBUTION, ETC. (IMPRINT) |
| Place of publication, distribution, etc |
New Delhi |
| Name of publisher, distributor, etc |
Renu Publishers |
| Date of publication, distribution, etc |
c2017 |
| 300 ## - PHYSICAL DESCRIPTION |
| Extent |
ix, 464 p. |
| Dimensions |
24 cm |
| 650 ## - SUBJECT ADDED ENTRY--TOPICAL TERM |
| Topical term or geographic name as entry element |
Education |
| Geographic subdivision |
Nigeria. |
| 650 ## - SUBJECT ADDED ENTRY--TOPICAL TERM |
| Topical term or geographic name as entry element |
Sustainable development |
| Geographic subdivision |
Nigeria. |
| 650 ## - SUBJECT ADDED ENTRY--TOPICAL TERM |
| Topical term or geographic name as entry element |
Education. |
| 650 ## - SUBJECT ADDED ENTRY--TOPICAL TERM |
| Topical term or geographic name as entry element |
Sustainable development. |
| 650 ## - SUBJECT ADDED ENTRY--TOPICAL TERM |
| Geographic subdivision |
Nigeria. |
| 942 ## - ADDED ENTRY ELEMENTS (KOHA) |
| Source of classification or shelving scheme |
|